|
|
|
|
| LEADER |
01242nam a22003377a 4500 |
| 001 |
36168 |
| 003 |
BD-DhAAL |
| 005 |
20200225155552.0 |
| 008 |
200225t2008 at ae b 001 0 eng d |
| 999 |
|
|
|c 42256
|d 42256
|
| 020 |
|
|
|a 9780176407193
|
| 020 |
|
|
|a 0176407197
|
| 020 |
|
|
|a 9780176502232
|
| 020 |
|
|
|a 0176502238
|
| 040 |
|
|
|a BD-DhAAL
|
| 082 |
|
|
|a 372.21
|2 23
|
| 100 |
|
|
|a Shipley, Dale,
|d 1945-
|9 38295
|
| 245 |
|
|
|a Empowering children :
|b play-based curriculum for lifelong learning /
|c Dale Shipley
|
| 250 |
|
|
|a Fourth edition
|
| 260 |
|
|
|a Australia :
|b Thomson,
|c c2008
|
| 300 |
|
|
|a xxi, 474 pages :
|b illustrations ;
|c 23 cm.
|
| 504 |
|
|
|a Includes bibliographical references and index.
|
| 526 |
|
|
|a BIED
|
| 541 |
|
|
|a Complimentary copy from BIED
|e 36168
|
| 650 |
|
|
|a Play.
|9 38296
|
| 650 |
|
|
|a Early childhood education.
|9 39580
|
| 650 |
|
|
|a Curriculum planning.
|9 38298
|
| 650 |
|
|
|a Early childhood education
|v Textbooks.
|9 39581
|
| 852 |
|
|
|a Ayesha Abed Library
|c General Stacks
|
| 942 |
|
|
|2 ddc
|c BK
|
| 952 |
|
|
|0 0
|1 0
|2 ddc
|4 0
|6 372_210000000000000_SHI
|7 0
|9 68008
|a BRACUL
|b BRACUL
|c GEN
|d 2020-02-25
|e Complimentary copy from BIED
|l 0
|o 372.21 SHI
|p 3010036168
|r 2020-02-25
|t 1
|w 2020-02-25
|y BK
|x Transferred from BIED to General Stacks
|